Nam tước Phôngônrinh T. 1

সংরক্ষণ করুন:
গ্রন্থ-পঞ্জীর বিবরন
প্রধান লেখক: Mikhailich, Yu.
বিন্যাস: গ্রন্থ
ভাষা:Vietnamese
প্রকাশিত: H. Thanh niên 1982
বিষয়গুলি:
Nga
ট্যাগগুলো: ট্যাগ যুক্ত করুন
কোনো ট্যাগ নেই, প্রথমজন হিসাবে ট্যাগ করুন!
Thư viện lưu trữ: Mạng thư viện Đại học Đà Nẵng
LEADER 01187nam a22003738a 4500
001 000014533
003 10900
005 20120507110547.0
008 120507s1982 b 000 0 vieod
020 |d 30200b 
041 0 |a vie 
041 0 |a dịch nga 
082 |a 891.73  |b MI-Y 
084 |a V6(4Ng)  |b N104T 
100 1 |a Mikhailich, Yu. 
245 1 0 |a Nam tước Phôngônrinh  |c Yu. Mikhailich ; Dịch: Trọng Phan, Hà Bắc  |n T. 1 
260 |a H.  |b Thanh niên  |c 1982 
300 |a 423tr.  |c 19cm 
500 |a Dịch từ tiếng Nga 
505 |a T. 1 
653 |a Nga 
653 |a truyện tình báo 
653 |a Văn học thế giới 
773 |d Nxb. Thanh Niên  |d H.  |d 1982  |t Nam tước Phongonrinh  |w 10851 
OWN |a LSP 
AVA |a UDN50  |b LSP  |d 891.73 MI-Y  |e available  |t Error 5001 Not defined in file expand_doc_bib_avail.  |f 1  |g 0  |h N  |i 0  |k 1 
999 |a From the UDN01 
AVA |a UDN50  |b LSP  |d 891.73 MI-Y  |e available  |t Error 5001 Not defined in file expand_doc_bib_avail.  |f 1  |g 0  |h N  |i 0  |k 1 
TYP |a Monograph 
TYP |a Printed language 
980 |a Mạng thư viện Đại học Đà Nẵng